List of Little Einsteins Episodes - Statistics

General Stats
  • This quiz has been taken 29 times
  • The average score is 27 of 68
Answer Stats
Answer % Correct
I Love to Conduct
80%
Ring Around the Planet
80%
Annie and the Little Toy Plane
60%
Annie, Get Your Microphone
60%
Annie's Solo Mission
60%
Farmer Annie
60%
The Great Sky Race Rematch
60%
A Brand New Outfit
40%
A Galactic Goodnight
40%
A Little Einsteins Halloween
40%
Annie and the Beanstalk
40%
Annie's Love Song
40%
A Tall Totem Tale
40%
Brothers and Sisters to the Rescue
40%
Build It, Rocket!
40%
Carmine's Big Race
40%
Dragon Kite
40%
Duck, Duck, June
40%
Fire Truck Rocket
40%
Go Team!
40%
Go West, Young Train
40%
Hello Cello
40%
He Speaks Music!
40%
How We Became the Little Einsteins: The True Story
40%
Hungarian Hiccups
40%
Jump for Joey
40%
Knock on Wood
40%
Little Elephant's Big Parade
40%
Melody and Me
40%
Melody the Music Pet
40%
Mr. Penguin's Ice Cream Adventure
40%
Music Monsters
40%
O Yes, O Yes, It's Springtime!
40%
Pirate's Treasure
40%
Quincy and the Instrument Dinosaurs
40%
Quincy and the Magic Instruments
40%
Rocket's Firebird Rescue
40%
Rocket Soup
40%
Rocket the Bug
40%
Show and Tell
40%
Silly Sock Saves the Circus
40%
Sleeping Bassoon
40%
Super Fast!
40%
The Birthday Balloons
40%
The Birthday Machine
40%
The Glass Slipper Ball
40%
The Good Knight and the Bad Knight
40%
The Great Schubert's Guessing Game
40%
The Legend of the Golden Pyramid
40%
The Missing Invitation
40%
The Mouse and The Moon
40%
The Music Robot from Outer Space
40%
The Puppet Princess
40%
The Puzzle of the Sphinx
40%
The Secret Mystery Prize
40%
The Song of the Unicorn
40%
The Treasure Behind the Little Red Door
40%
The Wild Goose Chase
40%
Whale Tale
40%
Animal Snack Time
20%
Flight of the Instrument Fairies
20%
Little Red Rockethood
20%
Rocket Safari
20%
The Blue-Footed Booby Bird Ballet
20%
The Christmas Wish
20%
The Incredible Shrinking Adventure
20%
The Northern Night Light
20%
The Wind-Up Toy Prince
20%
No matching quizzes found
Score Distribution
Percent of People with Each Score
Percentile by Number Answered
Your Score History
You have not taken this quiz